La economía colombiana durante el primer trimestre / (Registro nro. 5561)

Detalles MARC
000 -LEADER
fixed length control field 00959nam a2200229Ia 4500
003 - CONTROL NUMBER IDENTIFIER
control field OSt
005 - DATE AND TIME OF LATEST TRANSACTION
control field 20200623152504.0
008 - FIXED-LENGTH DATA ELEMENTS--GENERAL INFORMATION
fixed length control field 191128s1979 ck fr 000 0 spa d
040 ## - CATALOGING SOURCE
Original cataloging agency CO-JMCR
Transcribing agency CO-JMCR
041 0# - LANGUAGE CODE
Language code of text/sound track or separate title spa
082 04 - DEWEY DECIMAL CLASSIFICATION NUMBER
Classification number 332.986 /
Item number A837e
Edition number 23
110 1# - MAIN ENTRY--CORPORATE NAME
Corporate name or jurisdiction name as entry element Colombia.
Subordinate unit Asociación Nacional de Instituciones Financieras
9 (RLIN) 6016
245 13 - TITLE STATEMENT
Title La economía colombiana durante el primer trimestre /
Statement of responsibility, etc. Asociación Nacional de Instituciones Financieras
260 ## - PUBLICATION, DISTRIBUTION, ETC.
Place of publication, distribution, etc. Medellín :
Name of publisher, distributor, etc. Asociación Nacional de Instituciones Financieras,
Date of publication, distribution, etc. 1979
300 ## - PHYSICAL DESCRIPTION
Extent 56 páginas ;
Dimensions 21 cm.
490 0# - SERIES STATEMENT
Series statement Foro regional
505 0# - FORMATTED CONTENTS NOTE
Formatted contents note Sector agropecuario -- Sector industrial -- Sectores de la construcción y comercio interior -- Comercio exterior -- Empleo -- Moneda -- Precios -- Sector público
650 14 - SUBJECT ADDED ENTRY--TOPICAL TERM
Topical term or geographic name entry element Historia económica
Geographic subdivision Colombia
9 (RLIN) 6017
650 14 - SUBJECT ADDED ENTRY--TOPICAL TERM
Topical term or geographic name entry element Política económica
Chronological subdivision 1979
9 (RLIN) 6018
650 14 - SUBJECT ADDED ENTRY--TOPICAL TERM
Topical term or geographic name entry element Moneda
General subdivision sector público
9 (RLIN) 6019
942 ## - ADDED ENTRY ELEMENTS (KOHA)
Source of classification or shelving scheme Dewey Decimal Classification
Koha item type Books
Existencias
Withdrawn status Lost status Source of classification or shelving scheme Damaged status Not for loan Collection code Home library Current library Date acquired Source of acquisition Cost, normal purchase price Total Checkouts Full call number Barcode Date last seen Copy number Koha item type
    Dewey Decimal Classification     Non-fiction Biblioteca Pública José María del Castillo y Rada Biblioteca Pública José María del Castillo y Rada 04/15/2018 Donación 0.00   332.986 / A837e 430002166 05/16/2024 Ej.1 Books